000 nam a22 7a 4500
999 _c7324
_d7324
008 170812b xxu||||| |||| 00| 0 eng d
020 _a9788189476017
100 _aAnandmurugan. S
_93862
245 _aA HAND BOOK TO COMPUTER VIRUS
260 _aResearch india publication
_bNew Delhi
_c2013